Mapping the Evolution of Virtual Leadership: Insights from Bibliometric Analysis

Virtuálne vedenie sa stáva čoraz dôležitejším v kontexte digitálnej transformácie pracovísk a nárastu vzdialených a hybridných pracovných prostredí. Táto štúdia vykonáva bibliometrickú analýzu pomocou Biblioshiny na vzorke 286 dokumentov z databázy Web of Science so zameraním na vývoj virtuálneho vo...

Descrizione completa

Salvato in:
Dettagli Bibliografici
Autore principale: Mikulášová, Ema, 2000-
Altri autori: Skorková, Zuzana, 1979-
Natura: Capitolo di libro
Lingua:inglese
Soggetti:
Tags: Aggiungi Tag
Nessun Tag, puoi essere il primo ad aggiungerne!!

MARC

LEADER 00000naa$a2200000$$$4500
001 0306801
005 20250721124347.3
041 0 |a eng 
044 |a CZ 
245 1 0 |a Mapping the Evolution of Virtual Leadership: Insights from Bibliometric Analysis  |c Ema Mikulášová, Zuzana Skorková 
520 |a Virtuálne vedenie sa stáva čoraz dôležitejším v kontexte digitálnej transformácie pracovísk a nárastu vzdialených a hybridných pracovných prostredí. Táto štúdia vykonáva bibliometrickú analýzu pomocou Biblioshiny na vzorke 286 dokumentov z databázy Web of Science so zameraním na vývoj virtuálneho vodcovstva ako výskumnej domény. Analýza odhaľuje ročnú mieru rastu 10,06 % v publikáciách súvisiacich s virtuálnym vedením, čo odráža rastúcu akademickú pozornosť a praktický význam. 
610 2 0 |a virtualizácia 
610 2 0 |a digitalizácia 
610 2 0 |a transformácia digitálna 
610 2 0 |a pracovisko 
610 2 0 |a vedenie 
610 2 0 |a analýza bibliometrická 
100 1 |a Mikulášová, Ema, 2000- 
700 1 |a Skorková, Zuzana, 1979-